Stratégie a inovácie od súperenia k spolupráci, od konfliktov k budovaniu dôvery, od šetrenia k vytváraniu bohatstva, od napätia k rovnováhe
Guardado en:
| Autor principal: | |
|---|---|
| Otros Autores: | |
| Formato: | Libro |
| Lenguaje: | eslovaco |
| Publicado: |
Žilina
IPA Slovakia
[2014]
|
| Materias: | |
| Etiquetas: |
Sin Etiquetas, Sea el primero en etiquetar este registro!
|
MARC
| LEADER | 00000nlm a2200000 4500 | ||
|---|---|---|---|
| 001 | 0188816 | ||
| 005 | 20240507103240.3 | ||
| 041 | 0 | |a slo | |
| 044 | |a SK | ||
| 245 | 1 | 0 | |a Stratégie a inovácie |b od súperenia k spolupráci, od konfliktov k budovaniu dôvery, od šetrenia k vytváraniu bohatstva, od napätia k rovnováhe |c Ján Košturiak, Ján Chaľ |
| 264 | 1 | |a Žilina |b IPA Slovakia |c [2014] | |
| 300 | |a CD-ROM [61 s.] | ||
| 610 | 2 | 0 | |a inovácia |
| 610 | 2 | 0 | |a stratégia podnikateľská |
| 610 | 2 | 0 | |a kapitál ľudský |
| 610 | 2 | 0 | |a výkonnosť |
| 100 | 1 | |a Košturiak, Ján | |
| 700 | 1 | |a Chaľ, Ján | |